Las PYMES Argentinas frente al ALCA : ¿Oportunidad o Amenaza?

Bibliographic Details
Main Author: Argentina. Mino y Dávila
Format: Section = Libro
Language:Undetermined
Spanish
Published: España [s.e.] 2004
Subjects:
LEADER 00497nam a2200181Ia 4500
008 240830s9999 xx 000 0 und d
020 |a 950-9467-97-9 
040 |a B-ESTELÍ- RUACS / 382.6 P839 
041 |a spa 
082 |a 382.6 P839 
100 1 |a Argentina. Mino y Dávila 
245 1 0 |a Las PYMES Argentinas frente al ALCA : ¿Oportunidad o Amenaza? 
260 |a España  |b [s.e.]  |c 2004 
300 |a 168 p:il 
650 7 |a ANALIS - ESPERA EN COLA 
942 |c BK  |2 ddc 
991 |a TEXTO 
999 |c 10848